000 00493nam a2200121Ia 4500
008 220616s9999||||xx |||||||||||||| ||und||
245 0 _aChina’s Carbon-Energy Policy and Asia’s Energy Transition
_bCarbon Leakage, Relocation and Halos
546 _aEnglish[eng]
650 _aasia||carbon||china||energy policy||energy transition||environment||halos
700 _aMori, Akihisa
856 _uhttps://library.oapen.org/bitstream/20.500.12657/52366/1/9781000518191.pdf
942 _cEB
999 _c20741
_d20741